NCAA Institutions in Florida - Statistics

General Stats
  • This quiz has been taken 21 times
  • The average score is 14 of 27
Answer Stats
Conference School Team Name % Correct
Division I Big 12 Central Florida Knights
100%
Division I SEC Florida Gators
100%
Division I ACC Florida State Seminoles
100%
Division I AAC Florida Atlantic Owls
94%
Division I ACC Miami Hurricanes
94%
Division I The American South Florida Bulls
94%
Division I C-USA Florida International Panthers
88%
Division I Atlantic Sun Jacksonville Dolphins
88%
Division I Atlantic Sun North Florida Ospreys
88%
Division I SWAC Florida Agricultural & Mechanical Rattlers
81%
Division I Atlantic Sun Stetson Hatters
63%
Division II Sunshine State Tampa Spartans
63%
Division I SWAC Bethune-Cookman Wildcats
56%
Division I Atlantic Sun Florida Gulf Coast Eagles
56%
Division II Gulf South West Florida Argonauts
50%
Division II Sunshine State Florida Institute of Technology Panthers
31%
Division II Sunshine State Eckerd Tritons
25%
Division II Sunshine State Florida Southern Moccasins
19%
Division II Sunshine State Palm Beach Atlantic Sailfish
19%
Division II Sunshine State Rollins Tars
19%
Division II Peach Belt Flagler Saints
13%
Division II Sunshine State Nova Southeastern Sharks
13%
Division II Sunshine State Saint Leo Lions
13%
Division II Sunshine State Barry Buccaneers
6%
Division II SIAC Edward Waters Tigers
6%
Division II Sunshine State Embry-Riddle Aeronautical-Daytona Beach Eagles
6%
Division II Sunshine State Lynn Fighting Knights
0%
No matching quizzes found
Score Distribution
Percent of People with Each Score
Percentile by Number Answered
Your Score History
You have not taken this quiz